000 00715nam a2200265 i 4500
001 C2-0232089
003 PPAK
005 20180728085258.0
008 001217s2000 my a|||| ||||| | may d
020 _a9830751953
040 _aPPAK
_beng
_cPPAK
_erda
082 0 4 _a398.22
_223
090 0 0 _a398.22
_bZAW
_dK
100 0 _aZawiah Ahmad,
_eauthor
245 1 0 _aBatu menangis
264 1 _aRawang, Selangor :
_bMikamas ,
_c2000
300 _a16 pages :
_billustrations ;
_c26 cm
336 _2rdacontent
_atext
337 _2rdamedia
_aunmediated
338 _2rdacarrier
_avolume
490 1 _aSiri merak kayangan
650 1 0 _aFolk literature, Malay
830 0 _aSiri merak kayangan
942 _ddc
_cB
999 _c151378
_d151378